A Symposium on Light and Life /

Guardado en:
Autor Corporativo: Symposium on Light and Life Johns Hopkins University)
Otros Autores: McElroy, William David, 1917- (ed.), Glass, Bentley, 1906-2005, (ed.)
Formato: Libro
Idioma:English
Publicado: Baltimore : Johns Hopkins Press, 1961.
Series:Contribution of the McCollum-Pratt Institute ; no. 302
Acceso en línea:Texto completo
Etiquetas: Agregar Etiqueta
Sin Etiquetas, Sea el primero en etiquetar este registro!
LEADER 01020cam a22002531a 4500
001 EEA.libagro010083
005 20160608111726.0
008 850709s1961####mdua#####b####100#0#eng##
010 |a  60016544  
040 |a DLC/ICU  |c ICU  |d DLC 
050 0 0 |a QH651  |b .S9 1960 
082 0 0 |a 574.191 
111 2 |a Symposium on Light and Life  |d (1960 :  |c Johns Hopkins University) 
245 0 2 |a A Symposium on Light and Life /  |c Edited by William D. McElroy and Bentley Glass. 
260 |a Baltimore :  |b Johns Hopkins Press,  |c 1961. 
300 |a xii, 924 p. :  |b il., diagrs., tablas. ;  |c 24 cm. 
440 0 |a Contribution of the McCollum-Pratt Institute ;  |v no. 302 
504 |a Incluye referencias bibliográficas. 
530 |a Disponible también en línea. 
700 1 |a McElroy, William David,  |d 1917-  |e ed. 
700 1 |a Glass, Bentley,  |d 1906-2005,  |e ed. 
740 0 |a Light and life. 
856 |u http://www.biodiversitylibrary.org/item/28257#page/7/mode/1up  |3 Texto completo 
859 |a AR-BbBCA  |b BIB. AGRONOMIA  |h 574.191  |i M141  |p 1964/0011